Μάρκετινγκ υπηρεσιών : άνθρωποι, τεχνολογία, στρατηγική
Αποθηκεύτηκε σε:
| Κύριος συγγραφέας: | |
|---|---|
| Άλλοι συγγραφείς: | , , , |
| Μορφή: | Βιβλίο |
| Γλώσσα: | Greek English |
| Δημοσίευση: |
[Θεσσαλονίκη;] :
Δίσιγμα,
c2018.
|
| Έκδοση: | 8η αμερικάνικη έκδ. |
| Θέματα: | |
| Ετικέτες: |
Προσθήκη ετικέτας
Δεν υπάρχουν, Καταχωρήστε ετικέτα πρώτοι!
|
MARC
| LEADER | 00000cam a2200000 a 4500 | ||
|---|---|---|---|
| 001 | 1/121692 | ||
| 008 | 200706s2018####gr | | ||| |||| ||gre|| | ||
| 020 | |a 9786185242299 |q (χαρτόδετο) | ||
| 040 | |a GR-MyUa |b gre |c GR-MyUa |e AACR2 | ||
| 041 | 1 | |a gre |h eng | |
| 082 | 7 | |a 658.8 |2 (23) | |
| 100 | 1 | |a Wirtz, Jochen. | |
| 245 | 1 | 0 | |a Μάρκετινγκ υπηρεσιών : |b άνθρωποι, τεχνολογία, στρατηγική / |c Jochen Wirtx, Christopher Lovelock ; επιμέλεια Γιοβάνης Απόστολος και Αθανασοπούλου Πηνελόπη ; μετάφραση Δελιβάνη Ελένη. |
| 250 | |a 8η αμερικάνικη έκδ. |b 1η ελληνική έκδ. | ||
| 260 | |a [Θεσσαλονίκη;] : |b Δίσιγμα, |c c2018. | ||
| 300 | |a xvii, 783 σ. : |b διαγρ., έγχρ. εικ., σχέδια ; |c 29 εκ. | ||
| 500 | |a Μετάφραση του: "Services marketing: people, technology, strategy". | ||
| 504 | |a Περιλαμβάνει βιβλιογραφικές παραπομπές και ευρετήρια. | ||
| 650 | 0 | |a Marketing |x Management. | |
| 650 | 0 | |a Professions |x Marketing. | |
| 650 | 0 | |a Service industries |x Marketing. | |
| 650 | 0 | |a Customer services |x Marketing. | |
| 700 | 1 | |a Lovelock, Christopher H. | |
| 700 | 1 | |a Γιοβάνης, Απόστολος, |e edt | |
| 700 | 1 | |a Αθανασοπούλου, Πηνελόπη, |e edtf | |
| 700 | 1 | |a Δελιβάνη, Ελένη, |e trlf | |
| 852 | |a INST |b CHIOS |c EUDOXUS |e 20200706 |h 658.8 WIR |p 005200040042 |q 005200040042 |t BK |y 0 | ||
| 852 | |a INST |b CHIOS |c EUDOXUS |e 20200706 |h 658.8 WIR |p 005200040043 |q 005200040043 |t BK |y 0 | ||
| 852 | |a INST |b CHIOS |c EUDOXUS |e 20200706 |h 658.8 WIR |p 005200040044 |q 005200040044 |t BK |y 0 | ||
| 852 | |a INST |b CHIOS |c EUDOXUS |e 20200706 |h 658.8 WIR |p 005200040045 |q 005200040045 |t BK |y 0 | ||
| 920 | |a Εύδοξος |b Παραγγελία |y Χίος-ΤΔΕ |z 2020-07 | ||
| 970 | |a Σπέντζα |b Ελένη |z 06-07-2020 | ||